<?xml version="1.0" encoding="UTF-8"?>
<record
    xmlns:xsi="http://www.w3.org/2001/XMLSchema-instance"
    xsi:schemaLocation="http://www.loc.gov/MARC21/slim http://www.loc.gov/standards/marcxml/schema/MARC21slim.xsd"
    xmlns="http://www.loc.gov/MARC21/slim">

  <leader>04074njm a2200589Ia 4500</leader>
  <controlfield tag="001">23845</controlfield>
  <controlfield tag="003">IT-RoPAU</controlfield>
  <controlfield tag="005">20220918181121.0</controlfield>
  <controlfield tag="008">131025s9999    xx            000 0 und d</controlfield>
  <datafield tag="040" ind1=" " ind2=" ">
    <subfield code="a">IT-RoPAU</subfield>
  </datafield>
  <datafield tag="040" ind1=" " ind2=" ">
    <subfield code="c">IT-RoPAU</subfield>
  </datafield>
  <datafield tag="041" ind1=" " ind2=" ">
    <subfield code="a">ITALIANO</subfield>
  </datafield>
  <datafield tag="999" ind1=" " ind2=" ">
    <subfield code="c">99822</subfield>
    <subfield code="d">99822</subfield>
  </datafield>
  <datafield tag="999" ind1=" " ind2=" ">
    <subfield code="b">n.d.</subfield>
  </datafield>
  <datafield tag="100" ind1=" " ind2=" ">
    <subfield code="a">AA.VV.</subfield>
    <subfield code="9">794</subfield>
  </datafield>
  <datafield tag="100" ind1=" " ind2=" ">
    <subfield code="e">Autore musica</subfield>
    <subfield code="9">6557</subfield>
  </datafield>
  <datafield tag="100" ind1=" " ind2=" ">
    <subfield code="g">Codice autore musica SPICS: 12000</subfield>
    <subfield code="9">796</subfield>
  </datafield>
  <datafield tag="245" ind1=" " ind2=" ">
    <subfield code="a">Successi di sempre vol. 2 (Lp Rb 43)</subfield>
  </datafield>
  <datafield tag="250" ind1=" " ind2=" ">
    <subfield code="a">1a ed.</subfield>
  </datafield>
  <datafield tag="260" ind1=" " ind2=" ">
    <subfield code="a">MILANO</subfield>
  </datafield>
  <datafield tag="260" ind1=" " ind2=" ">
    <subfield code="b">CBS - SUGAR</subfield>
    <subfield code="c">1976 [1a Ed.:1976]</subfield>
  </datafield>
  <datafield tag="300" ind1=" " ind2=" ">
    <subfield code="a">DISCO</subfield>
  </datafield>
  <datafield tag="500" ind1=" " ind2=" ">
    <subfield code="a">Canzone italiana. Raccolta di best sellers recenti e passati interpretati dagli stessi artisti che ne hanno determinato la fama e la popolarit&#xE0;. Canzoni giovani senza et&#xE0;</subfield>
  </datafield>
  <datafield tag="505" ind1=" " ind2=" ">
    <subfield code="a">E, la vita, la vita (Cochi e Renato) - Pensiero (I Pooh) - Vita mia (Del Monaco Tony) - Yuppi du (Celentano Adriano) - Rose rosse (Ranieri Massimo) - Nessuno mi pu&#xF2; giudicare (Caselli Caterina) - Non m'innamoro pi&#xF9; (Dorelli Johnny) - Bambina sola (I Profeti) - Stessa spiaggia stesso mare (Focaccia Piero) - Quando vedrai la mia ragazza (Pitney Gene) - Guantanamera (Curtis Betty) - Buonasera dottore (Mori Claudia)</subfield>
  </datafield>
  <datafield tag="650" ind1=" " ind2=" ">
    <subfield code="a">CANZONE ITALIAN [DISCHI]</subfield>
    <subfield code="e">Codice MATERIA SPICS: 9950</subfield>
    <subfield code="9">6558</subfield>
  </datafield>
  <datafield tag="700" ind1=" " ind2=" ">
    <subfield code="a">Jannacci Enzo</subfield>
    <subfield code="d">Codice autore musica SPICS: 10956</subfield>
    <subfield code="e">Autore musica</subfield>
    <subfield code="p">E, la vita, la vita</subfield>
    <subfield code="9">6559</subfield>
  </datafield>
  <datafield tag="700" ind1=" " ind2=" ">
    <subfield code="a">Pozzetto</subfield>
    <subfield code="d">Codice autore testo/musica SPICS: 13964</subfield>
    <subfield code="e">Autore testo/musica</subfield>
    <subfield code="p">E, la vita, la vita</subfield>
    <subfield code="9">6560</subfield>
  </datafield>
  <datafield tag="700" ind1=" " ind2=" ">
    <subfield code="a">Negrini V.</subfield>
    <subfield code="d">Codice autore musica SPICS: 22466</subfield>
    <subfield code="e">Autore musica</subfield>
    <subfield code="p">Pensiero</subfield>
    <subfield code="9">6561</subfield>
  </datafield>
  <datafield tag="700" ind1=" " ind2=" ">
    <subfield code="a">Facchinetti C.</subfield>
    <subfield code="d">Codice autore testo/musica SPICS: 22465</subfield>
    <subfield code="e">Autore testo/musica</subfield>
    <subfield code="p">Pensiero</subfield>
    <subfield code="9">6562</subfield>
  </datafield>
  <datafield tag="700" ind1=" " ind2=" ">
    <subfield code="a">Del Monaco Tony</subfield>
    <subfield code="d">Codice autore musica SPICS: 13868</subfield>
    <subfield code="e">Autore musica</subfield>
    <subfield code="p">Vita mia</subfield>
    <subfield code="9">6563</subfield>
  </datafield>
  <datafield tag="700" ind1=" " ind2=" ">
    <subfield code="a">Weinstein</subfield>
    <subfield code="d">Codice autore SPICS: 14260</subfield>
    <subfield code="e">Autore</subfield>
    <subfield code="p">Vita mia</subfield>
    <subfield code="9">6564</subfield>
  </datafield>
  <datafield tag="700" ind1=" " ind2=" ">
    <subfield code="a">Barberis Alberto</subfield>
    <subfield code="d">Codice autore testo/musica SPICS: 13596</subfield>
    <subfield code="e">Autore testo/musica</subfield>
    <subfield code="p">Vita mia</subfield>
    <subfield code="9">6565</subfield>
  </datafield>
  <datafield tag="700" ind1=" " ind2=" ">
    <subfield code="a">Celentano Adriano</subfield>
    <subfield code="d">Codice autore testo/musica SPICS: 10821</subfield>
    <subfield code="e">Autore testo/musica</subfield>
    <subfield code="p">Yuppi du</subfield>
    <subfield code="9">6566</subfield>
  </datafield>
  <datafield tag="700" ind1=" " ind2=" ">
    <subfield code="a">Bigazzi Giancarlo</subfield>
    <subfield code="d">Codice autore musica SPICS: 13839</subfield>
    <subfield code="e">Autore musica</subfield>
    <subfield code="p">Rose rosse</subfield>
    <subfield code="9">6567</subfield>
  </datafield>
  <datafield tag="700" ind1=" " ind2=" ">
    <subfield code="a">Polito</subfield>
    <subfield code="d">Codice autore testo/musica SPICS: 13987</subfield>
    <subfield code="e">Autore testo/musica</subfield>
    <subfield code="p">Rose rosse</subfield>
    <subfield code="9">6568</subfield>
  </datafield>
  <datafield tag="700" ind1=" " ind2=" ">
    <subfield code="a">Beretta Luciano</subfield>
    <subfield code="d">Codice autore musica SPICS: 13864</subfield>
    <subfield code="e">Autore musica</subfield>
    <subfield code="p">Nessuno mi pu&#xF2; giudicare</subfield>
    <subfield code="9">6569</subfield>
  </datafield>
  <datafield tag="700" ind1=" " ind2=" ">
    <subfield code="a">Panzeri Mario</subfield>
    <subfield code="d">Codice autore SPICS: 13372</subfield>
    <subfield code="e">Autore</subfield>
    <subfield code="p">Nessuno mi pu&#xF2; giudicare</subfield>
    <subfield code="9">6570</subfield>
  </datafield>
  <datafield tag="700" ind1=" " ind2=" ">
    <subfield code="a">Pace Daniele</subfield>
    <subfield code="d">Codice autore testo/musica SPICS: 13856</subfield>
    <subfield code="e">Autore testo/musica</subfield>
    <subfield code="p">Nessuno mi pu&#xF2; giudicare</subfield>
    <subfield code="9">6571</subfield>
  </datafield>
  <datafield tag="700" ind1=" " ind2=" ">
    <subfield code="a">Bacharach Burt</subfield>
    <subfield code="d">Codice autore musica SPICS: 10740</subfield>
    <subfield code="e">Autore musica</subfield>
    <subfield code="p">Non m'innamoro pi&#xF9;</subfield>
    <subfield code="9">6572</subfield>
  </datafield>
  <datafield tag="700" ind1=" " ind2=" ">
    <subfield code="a">Garinei Pietro</subfield>
    <subfield code="d">Codice autore SPICS: 13576</subfield>
    <subfield code="e">Autore</subfield>
    <subfield code="p">Non m'innamoro pi&#xF9;</subfield>
    <subfield code="9">6573</subfield>
  </datafield>
  <datafield tag="700" ind1=" " ind2=" ">
    <subfield code="a">Giovannini Sandro</subfield>
    <subfield code="d">Codice autore testo/musica SPICS: 13634</subfield>
    <subfield code="e">Autore testo/musica</subfield>
    <subfield code="p">Non m'innamoro pi&#xF9;</subfield>
    <subfield code="9">6574</subfield>
  </datafield>
  <datafield tag="700" ind1=" " ind2=" ">
    <subfield code="a">Sloan</subfield>
    <subfield code="d">Codice autore musica SPICS: 25681</subfield>
    <subfield code="e">Autore musica</subfield>
    <subfield code="p">Bambina sola</subfield>
    <subfield code="9">6575</subfield>
  </datafield>
  <datafield tag="700" ind1=" " ind2=" ">
    <subfield code="a">Mogol (Rapetti Giulio)</subfield>
    <subfield code="d">Codice autore musica SPICS: 13643</subfield>
    <subfield code="e">Autore musica</subfield>
    <subfield code="p">Bambina sola - Stessa spiaggia stesso mare</subfield>
    <subfield code="9">6576</subfield>
  </datafield>
  <datafield tag="700" ind1=" " ind2=" ">
    <subfield code="a">Barri</subfield>
    <subfield code="d">Codice autore testo/musica SPICS: 25682</subfield>
    <subfield code="e">Autore testo/musica</subfield>
    <subfield code="p">Bambina sola</subfield>
    <subfield code="9">6577</subfield>
  </datafield>
  <datafield tag="700" ind1=" " ind2=" ">
    <subfield code="a">Soffici Piero</subfield>
    <subfield code="d">Codice autore testo/musica SPICS: 13661</subfield>
    <subfield code="e">Autore testo/musica</subfield>
    <subfield code="p">Stessa spiaggia stesso mare</subfield>
    <subfield code="9">6578</subfield>
  </datafield>
  <datafield tag="700" ind1=" " ind2=" ">
    <subfield code="a">Ciacci</subfield>
    <subfield code="d">Codice autore musica SPICS: 13968</subfield>
    <subfield code="e">Autore musica</subfield>
    <subfield code="p">Quando vedrai la mia ragazza</subfield>
    <subfield code="9">6579</subfield>
  </datafield>
  <datafield tag="700" ind1=" " ind2=" ">
    <subfield code="a">Ciacci</subfield>
    <subfield code="d">Codice autore testo/musica SPICS: 13968</subfield>
    <subfield code="e">Autore testo/musica</subfield>
    <subfield code="p">Quando vedrai la mia ragazza</subfield>
    <subfield code="9">6580</subfield>
  </datafield>
  <datafield tag="700" ind1=" " ind2=" ">
    <subfield code="a">Seeger A.</subfield>
    <subfield code="d">Codice autore musica SPICS: 14410</subfield>
    <subfield code="e">Autore musica</subfield>
    <subfield code="p">Guantanamera</subfield>
    <subfield code="9">6581</subfield>
  </datafield>
  <datafield tag="700" ind1=" " ind2=" ">
    <subfield code="a">Boncompagni Gianni</subfield>
    <subfield code="d">Codice autore SPICS: 13860</subfield>
    <subfield code="e">Autore</subfield>
    <subfield code="p">Guantanamera</subfield>
    <subfield code="9">6582</subfield>
  </datafield>
  <datafield tag="700" ind1=" " ind2=" ">
    <subfield code="a">Shapiro David Shel</subfield>
    <subfield code="d">Codice autore musica SPICS: 24542</subfield>
    <subfield code="e">Autore musica</subfield>
    <subfield code="p">Buonasera dottore</subfield>
    <subfield code="9">6583</subfield>
  </datafield>
  <datafield tag="700" ind1=" " ind2=" ">
    <subfield code="a">Limiti P.</subfield>
    <subfield code="d">Codice autore testo/musica SPICS: 13869</subfield>
    <subfield code="e">Autore testo/musica</subfield>
    <subfield code="p">Buonasera dottore</subfield>
    <subfield code="9">6584</subfield>
  </datafield>
  <datafield tag="942" ind1=" " ind2=" ">
    <subfield code="c">MD</subfield>
    <subfield code="2">ddc</subfield>
  </datafield>
  <datafield tag="952" ind1=" " ind2=" ">
    <subfield code="0">0</subfield>
    <subfield code="1">0</subfield>
    <subfield code="4">0</subfield>
    <subfield code="6">23845_000000000000000</subfield>
    <subfield code="7">1</subfield>
    <subfield code="a">SPICS</subfield>
    <subfield code="b">SPICS</subfield>
    <subfield code="d">2013-10-25</subfield>
    <subfield code="l">0</subfield>
    <subfield code="o">23845</subfield>
    <subfield code="r">2013-10-25 00:00:00</subfield>
    <subfield code="w">2013-10-25</subfield>
    <subfield code="y">MD</subfield>
    <subfield code="z">Progr. Ins.: 4692 / N.Vol.: 1 / Copie: 1 - Copia rara: n.d. / date import: 01.01.2014 - By Epidotti, Trombetti, Vaglietti</subfield>
  </datafield>
</record>
